Régime politique français depuis la révolution - Statistiques

Statistiques générales
  • Ce quiz a été pris 479 fois
  • Le résultat moyen est 11 sur 16
Statistiques - réponses
Hint Réponse % Correct
1870-1940 Troisième république
94%
1852-1870 Second empire
91%
1804-1814 Premier empire
90%
1946-1958 Quatrième république
88%
1958- Cinquième république
87%
1848-1851 Deuxième république
81%
1792 Première république
79%
1940-1944 Le régime de Vichy
77%
1814-1830 La restauration
67%
1799-1804 Le consulat
66%
1830-1848 La monarchie de juillet
63%
1795-1799 Le directoire
61%
1792-1794 La terreur
56%
1815 Période des cent jours
34%
1789-1792 Monarchie parlementaire
25%
1944-1946 Gouvernement provisoire de la République française
21%
Aucun quiz correspondant
Distribution des résultats
% des personnes avec chaque résultat
Percentile par nombre de réponses
Votre historique - résultats
Vous n’avez pas pris ce quiz